Golem.

Збережено в:
Бібліографічні деталі
Автор: Ceccotti, Lorenzo (autor)
Інші автори: Paradela López, David (traductor)
Формат: Книга
Опубліковано: Barcelona, España: Sapristi, 2016.
Редагування:Primera edición.
Предмети:
Теги: Додати тег
Немає тегів, Будьте першим, хто поставить тег для цього запису!

MARC

LEADER 00000nam a22000007a 4500
003 CL-VaPUC
005 20250407202451.0
008 250318t2016 ||||| |||| 00| 0 eng d
999 |c 447423  |d 447421 
020 |a 978-84-944140-8-4 
040 |c Pontificia Universidad Católica de Valparaíso 
082 |a 741.5 CEC 2016 
100 |9 897024  |a Ceccotti, Lorenzo  |e autor 
245 |a Golem. 
250 |a Primera edición. 
260 |a Barcelona, España:  |b Sapristi,  |c 2016. 
300 |a sin numeración:  |b ilustraciones. 
500 |a c.1-c.2. Instituto Arcos.08-01-2025. 
583 |c 20250318  |k Gabriela Rodríguez Cuevas 
650 0 |9 561356  |a Novela gráfica  |x Distopías 
650 0 |9 369534  |a Cómics  |x Sátira social  |x Crítica al capitalismo 
650 0 |9 369533  |a Historietas  |z Italia 
700 |9 897025  |a Paradela López, David  |e traductor 
942 |2 ddc  |c BK  |n 0 
952 |0 0  |1 0  |2 ddc  |4 0  |6 741_500000000000000_CEC_2016  |7 0  |8 A  |9 601431  |a BIBINC  |b BIBINC  |d 2025-03-18  |e Instituto Arcos  |i 5666312  |l 2  |m 1  |o 741.5 CEC 2016  |p 5666312  |q 2025-05-07  |r 2025-04-24  |s 2025-04-24  |t 1  |w 2025-03-18  |y BK  |k IFP 
952 |0 0  |1 0  |2 ddc  |4 0  |6 741_500000000000000_CEC_2016  |7 0  |8 A  |9 601432  |a BIBINC  |b BIBINC  |d 2025-03-18  |e Instituto Arcos  |i 5666313  |l 3  |o 741.5 CEC 2016  |p 5666313  |q 2025-04-30  |r 2025-04-23  |s 2025-04-23  |t 2  |w 2025-03-18  |y BK  |k IFP